Libertad religiosa y de conciencia en el derecho colombiano.
সংরক্ষণ করুন:
| প্রধান লেখক: | |
|---|---|
| বিন্যাস: | অজ্ঞাত |
| ভাষা: | ইংরেজি |
| প্রকাশিত: |
Bogotá, Colombia:
Universidad de la Sabana; Temis,
2019.
|
| বিষয়গুলি: | |
| ট্যাগগুলো: |
ট্যাগ যুক্ত করুন
কোনো ট্যাগ নেই, প্রথমজন হিসাবে ট্যাগ করুন!
|
MARC
| LEADER | 00000 a2200000 4500 | ||
|---|---|---|---|
| 003 | CL-VaPUC | ||
| 005 | 20231102165010.0 | ||
| 008 | 201116b ||||| |||| 00| 0 eng d | ||
| 999 | |c 431697 |d 431695 | ||
| 020 | |a 978-958-35-1215-5 | ||
| 040 | |c Pontificia Universidad Católica de Valparaíso | ||
| 082 | |a 261.72 PRI 2019 | ||
| 100 | |a Prieto, Vicente |9 856497 | ||
| 245 | |a Libertad religiosa y de conciencia en el derecho colombiano. | ||
| 260 | |a Bogotá, Colombia: |b Universidad de la Sabana; |b Temis, |c 2019. | ||
| 300 | |a 512 páginas. | ||
| 500 | |a c.2 Donación Sr. Jorge Precht Pizarro. 26-05-23. Biblioteca Teología. | ||
| 583 | |k Cristina Rojas |c 20201116 | ||
| 650 | |a Libertad religiosa |x Derecho colombiano |9 858243 | ||
| 650 | |a Libertad de conciencia |x Derecho colombiano |9 858244 | ||
| 852 | |a BIBCUR | ||
| 942 | |2 ddc |c BK | ||
| 952 | |0 0 |1 0 |2 ddc |4 0 |6 261_720000000000000_PRI_2019 |7 0 |8 A |9 576915 |a BIBDER |b BIBDER |d 2020-11-16 |e 3 |g 186057.00 |i 557756K |o 261.72 PRI 2019 |p 557756K |r 2023-01-25 |t 1 |v 186057.00 |w 2020-11-16 |y BK |k DER | ||
| 952 | |0 0 |1 0 |2 ddc |4 0 |6 261_720000000000000_PRI_2019 |7 0 |8 A |9 592239 |a BIBTEO |b BIBTEO |c GEN |d 2023-11-02 |e Donación |i 5659229 |o 261.72 PRI 2019 |p 5659229 |r 2025-01-17 |t 2 |w 2023-11-02 |y BK |k ICR | ||